Movies Quiz

Random Movies Quiz

Spectacular Spielberg Slideshow Quiz Stats

Quiz not verified by Sporcle

Challenge
Share
Tweet
Score 0/24 Timer 10:00
0 Plays Today
% Correct
Hook
96.2%
Jaws
92.3%
E.T. the Extra-Terrestrial
91.5%
Lincoln
89.6%
The Lost World: Jurassic Park
85.1%
Indiana Jones and the Temple of Doom
84.1%
Schindler's List
82.6%
Indiana Jones and the Raiders of the Lost Ark
82.6%
Indiana Jones and the Last Crusade
81.6%
Saving Private Ryan
78.5%
Catch me if you Can
77.8%
War of the Worlds
76.8%
% Correct
The Adventures of Tintin: The Secret of the Unicorn
76.6%
Terminal
76%
War Horse
74.9%
Close Encounters of the Third Kind
70.5%
A.I. Artificial Intelligence
64.2%
Amistad
53.6%
The Color Purple
50.7%
Empire of the Sun
44.5%
Duel
41.2%
Munich
38.4%
Jurassic Park
37.9%
The Sugarland Express
28.8%

You're not logged in!

Compare scores with friends on all Sporcle quizzes.
Sign Up with Email
OR
Log In

You Might Also Like...

Show Comments

Extras

Top Quizzes Today


Score Distribution

Your Account Isn't Verified!

In order to create a playlist on Sporcle, you need to verify the email address you used during registration. Go to your Sporcle Settings to finish the process.